000 00647cam a22002293a 4500
001 14276
003 PGUSA
005 20140828083315.0
008 041206s2004||||xxu|||||s|||||000 | eng d
040 _aPGUSA
_beng
042 _adc
050 4 _aDG
100 1 _aHowells, William Dean,
_d1837-1920
245 1 0 _aItalian Journeys
_h[electronic resource] /
_cWilliam Dean Howells
260 _bProject Gutenberg,
_c2004
506 _aPublic domain in the USA.
516 _aElectronic text
653 _aItaly -- Description and travel
830 0 _aProject Gutenberg
_v14276
856 4 0 _uhttp://www.gutenberg.org/ebooks/14276
942 _cEB
999 _c243531
_d243531